| 000 | 00380nam a22001337a 4500 | ||
|---|---|---|---|
| 005 | 20260323111338.0 | ||
| 008 | 260323b |||||||| |||| 00| 0 eng d | ||
| 040 | _cFLL | ||
| 041 |
_2eng _aeng |
||
| 100 |
_aAbhilasha _9535829 |
||
| 245 | _aConstitutionality of Media Trial and It's Impact on Administration of Justice | ||
| 260 |
_aDU _bFaculty of Law _c2023 |
||
| 942 |
_2CC _cDIS |
||
| 999 |
_c1726356 _d1726356 |
||